Statistics for Countries in the napoleonic wars (easy)

Click here to take the quiz!

General Stats

  • This quiz has been taken 43 times
  • The average score is 6 of 7

Answer Stats

HintAnswer% Correct
NapoleonFrance
95%
Today GermanyPrussia
92%
Las Navas de TolosaSpain
89%
WellingtonUK
89%
Black and Yellow FlagAustria
87%
3 miles from MoskauRussia
87%
Country that existed
from 1299-1922
Ottoman
Empire
61%

Score Distribution

Percentile by Number Answered

Percent of People with Each Score

Your Score History

You have not taken this quiz